Responses for Show #5045 - Friday, July 14, 2006

Contestants

[<< previous game]

Bruce Lin, a research scientist originally from Mississauga, Ontario, Canada

Lisa Llanes-Simpson, a social worker and notary public from Poughkeepsie, New York

Eric Allen, a video game merchandiser from Birmingham, Alabama (whose 1-day cash winnings total $15,201)

[next game >>]

Jeopardy! Round responses

THE NEW YORK TIMES PULITZER PRIZE WINNERS
HOMETOWN ATHLETES
PRESIDENTIAL WIVES
FRUITLESS SEARCHES
RHYME RIGHT
(Alex: Responses will rhyme with the word "right".)
SIDE EFFECTS OF JEPOLAX
(Alex: This is a new, not-quite-perfect drug that has been concocted in the Jeopardy! laboratories.)
    $200 16
Nagasaki

Lisa
    $200 26
the (Houston) Astros

Bruce
    $200 17
Mrs. Lincoln

Bruce
    $200 11
Amelia Earhart (or Fred Noonan)

Lisa
    $200 3
a knight

Bruce
    $200 1
a migraine

Lisa
    $400 18
World War I

Bruce
    $400 27
Dan Marino

Eric
    $400 20
Martha Washington

Lisa
    $400 12
Atlantis

Lisa
    $400 4
a flight

Bruce
    $400 2
(Eric: What is asthma?)
(Bruce: What is pneumonia?)
(Lisa: What is tuberculosis?)
...
(Alex: Look at that, we have three contestants in the red. A rarity.)

emphysema

EricLisaBruce
Triple Stumper
    $600 19
China

Eric
    $600 28
Ken Griffey, Jr.

Bruce
    $1,800 21
Mamie Eisenhower

Lisa
    $600 13
Geraldo Rivera

Lisa
    $600 5
a slight

Bruce
    $600 7
cirrhosis

Bruce
    $800 24
the Pentagon Papers

Bruce
    $800 29
the Knicks

Lisa
    $800 22
Edith

Triple Stumper
    $800 14
Loch Ness

Lisa
    $800 6
(Eric: What is a... bright?)

a bight

EricBruce
    $800 8
angina

Lisa
    $1000 25
(Alex: Less than a minute to go, now, Bruce.)

Russell Baker

Triple Stumper
    $1000 30
(Eric: Who is Ditka?)
...
(Alex: Mike Ditka was a tight end; [*] was the linebacker.)

Dick Butkus

Eric
Triple Stumper
    $1000 23
(Eric: Who is Frances Farmer?)
...
(Alex: You realize now, Eric, that you should have said, "Who is [*]?")

Frances Folsom

Eric
Triple Stumper
    $1000 15
(Eric: What is lead?)
(Lisa: What is the touchstone?)

the philosopher's stone

EricLisaBruce
    $1000 9
the Isle of Wight

Bruce
    $1000 10
(Bruce: What are the eyes?)

the skin

LisaBruce

Scores at the first commercial break (after clue 15):

Eric Lisa Bruce
-$2,200 $2,600 $3,200

Scores at the end of the Jeopardy! Round:

Eric Lisa Bruce
-$3,200 $5,800 $5,400

Double Jeopardy! Round responses

SOUTH AFRICA
I'M TOMMY LEE JONES!
ART-FULL
BESTSELLERS
IN THE SANDBOX
ADD AN ELEMENT SYMBOL
(Alex: Each correct response is the element's name.)
    $400 26
Boer

Eric
    $400 16
Men in Black

Eric
    $400 11
Napoleon Bonaparte

Bruce
    $400 21
Stephen King

Triple Stumper
    $400 6
New Jersey

Eric
    $400 1
oxygen (O)

Bruce
    $800 27
[The end-of-round signal sounds.]

trucks

Eric
    $800 17
The Fugitive

Eric
    $800 12
(Eric: What is the Guggenheim?)
(Lisa: What is the Metropolitan?)

MOMA (Museum of Modern Art)

EricLisaBruce
    $800 22
(Eric: What is slander?)
(Lisa: What is suicide?)
(Bruce: What is seduction?)

Silence

EricLisaBruce
Triple Stumper
    $800 7
a bunker

Eric
    $800 2
helium (He)

Lisa
    $1200 18
Space Cowboys

Eric
    $1200 13
Impressionism

Eric
    $1200 23
(Bruce: Who is Dale Carnegie?)
(Lisa: Who is Covey?)

Norman Vincent Peale

LisaBruce
Triple Stumper
    $1200 8
the Navajo

Lisa
    $1200 3
potassium (K)

Bruce
    $1600 19
(Alex: Hey, you're on the plus side with $800.)
(Eric: Yay!)

Coal Miner's Daughter

Eric
    $1600 14
(Lisa: Who is Renoir?)
(Eric: Who is... Rembrandt?)
...
(Alex: We said "nice big plump commissions", thinking of [*]. Rubenesque.)

Peter Paul Rubens

EricLisa
Triple Stumper
    $2,000 24
(Eric: I have no idea.)

The Horse Whisperer

Eric
    $1600 9
basalt

Lisa
    $1600 4
sodium (Na)

Bruce
    $2000 20
(Eric: Who is Ty Cobb?)
...
(Alex: Yeah, we were going for the title of the film, it was called [*]. It was, of course, about Ty.)

Cobb

Eric
Triple Stumper
    $2000 15
Gustave Courbet

Triple Stumper
    $2000 25
The Group

Lisa
    $2000 10
Sandhurst

Bruce
    $2000 5
gold (Au)

Bruce

Scores at the end of the Double Jeopardy! Round:

Eric Lisa Bruce
-$2,800 $7,000 $11,800

[wagering suggestions for these scores]

Final Jeopardy! Round responses

FAMOUS PLAYS
(Alex: Now the author was concerned by the reception his earlier plays had received in England so he had this play premiere in Vienna.)
...
(Alex: My Fair Lady is the musical that was made of the George Bernard Shaw play [*]. That's what
we were going for.)
LisaWhat is I have no idea?
$6,900
BruceWhat is My Fair Lady?
$2,201
Pygmalion

Final scores:

Eric Lisa Bruce
-$2,800 $100 $9,599
3rd place: $1,000 2nd place: $2,000 New champion: $9,599

Game dynamics:

Coryat scores:

Eric Lisa Bruce
-$800 $5,800 $11,800
11 R,
10 W
(including 1 DD)
15 R
(including 1 DD),
6 W
19 R,
4 W

Combined Coryat: $16,800

[game clues] [game scores] [suggest correction]

Game tape date: Unknown
The J! Archive is created by fans, for fans. Scraping, republication, monetization, and malicious use prohibited; this site may use cookies and collect identifying information. See terms. The Jeopardy! game show and all elements thereof, including but not limited to copyright and trademark thereto, are the property of Jeopardy Productions, Inc. and are protected under law. This website is not affiliated with, sponsored by, or operated by Jeopardy Productions, Inc. Join the discussion at JBoard.tv.